| 000 | 00929nam a2200241 i 4500 | ||
|---|---|---|---|
| 001 | 6988 | ||
| 003 | ES-MaACL | ||
| 005 | 20240508093101.0 | ||
| 007 | t| | ||
| 008 | 900719s1990 sp ||||1| spa d | ||
| 020 | _a84-86873-11-8 | ||
| 080 | _a86(Tundidor,J.H.1.06) | ||
| 100 | 1 |
_aHilario Silva, Jesus Pedro. _963669 |
|
| 245 | 1 | 0 |
_aDe la luz y la presencia _b: (Tetraedro en la obra poetica de Jesus Hilario Tundidor) / _cJesus Pedro Hilario Silva. |
| 260 |
_aZamora : _bInstituto de Estudios Zamoranos Florian de Ocampo, Diputacion Provincial de Zamora, _cD.L. 1990. |
||
| 300 |
_a276 p. ; _c21 cm. |
||
| 490 | 1 | _aAutores zamoranos. Serie Estudios | |
| 600 | 1 | 4 |
_aTundidor, Jesús Hilario, _d1935- _9111674 |
| 710 | 2 |
_aInstituto de Estudios Zamoranos "Florián de Ocampo" _94940 |
|
| 830 | 0 |
_aAutores zamoranos. Serie Estudios _9227841 |
|
| 852 |
_aES-MaACL _jL-14325 _bR.117996 _z. - rust. |
||
| 999 |
_c6988 _d6988 |
||